Geography Quiz

Random Geography or State Quiz
Score 0/38 Timer 10:00
1 Play Today
Hint Answer % Correct
Largest CitySeattle
96.1%
Time ZonePacific
95.9%
Largest AirportSeattle-Tacoma International Airport
95.7%
Bordering OceanPacific Ocean
95.7%
Lowest Point (0 ft.)Pacific Ocean
95.6%
Named AfterPresident George Washington
95.1%
Bordering StateOregon
94.3%
Bordering CountryCanada
91.4%
Bordering StateIdaho
91.3%
Largest Institution of Higher EducationUniversity of Washington
88.8%
CapitalOlympia
86.4%
National Football League TeamSeattle Seahawks
78.3%
# State to Enter Union42nd
75.8%
Flag Background ColorGreen
72.5%
DemonymWashingtonian
72.3%
Third Largest CityTacoma
71.8%
Major League Baseball TeamSeattle Mariners
70.6%
Number of Representatives10
67.9%
Second Largest CitySpokane
57.3%
Hint Answer % Correct
Highest Point (14,411 ft.)Mount Rainier
51.3%
National ParkMount Rainier National Park
51.3%
Date Entered UnionNovember 11, 1889
47.9%
National ParkNorth Cascades National Park
47.9%
Mountain RangeCascades
46.6%
Fourth Largest CityVancouver
46.3%
Major League Soccer TeamSeattle Sounders FC
46%
NicknameEvergreen State
38.9%
National ParkOlympic National Park
35.8%
Mountain RangeOlympic
35.7%
Fifth Largest CityBellevue
30.2%
GovernorJay Inslee (D)
28.4%
US SenatorPatty Murray (D)
27.6%
Women's National Basketball Association TeamSeattle Storm
26.8%
US SenatorMaria Cantwell (D)
23.4%
Tallest BuildingColumbia Center
16.9%
MottoAlki (By and By)
15.3%
Largest Natural LakeLake Chelan
14.1%
Largest IslandWhidbey Island
13.9%
Remove Ads.
Support Sporcle.
Get the best of Sporcle when you Go Orange. This ad-free experience offers more features, more stats, and more fun while also helping to support Sporcle. Thank you for becoming a member.

You're not logged in!

Compare scores with friends on all Sporcle quizzes.
OR
Log In

Show Comments

Extras

Top Quizzes Today


Score Distribution

Your Account Isn't Verified!

In order to create a playlist on Sporcle, you need to verify the email address you used during registration. Go to your Sporcle Settings to finish the process.

Report this User

Report this user for behavior that violates our Community Guidelines.

Details: